Witamy w Bibliotece Naukowej Instytutu Łączności!

Lazery / (Rekord nr 5763)

000 -LEADER
fixed length control field 00277 a2200109 4500
100 1# - MAIN ENTRY--PERSONAL NAME
Personal name Grigor'janc, V. V..
Relator term Autor
245 0# - TITLE STATEMENT
Title Lazery /
Statement of responsibility, etc Grigor'janc V. V..
260 ## - PUBLICATION, DISTRIBUTION, ETC. (IMPRINT)
Place of publication, distribution, etc Moskva :
Name of publisher, distributor, etc Znanie,
Date of publication, distribution, etc 1975.
300 ## - PHYSICAL DESCRIPTION
Extent 61 s.;
Dimensions 25 cm.
490 1# - SERIES STATEMENT
Series statement Fizika
710 2# - ADDED ENTRY--CORPORATE NAME
Corporate name or jurisdiction name as entry element Znanie.
Relator term Wydawca
Relator code pbl
830 #0 - SERIES ADDED ENTRY--UNIFORM TITLE
Uniform title Fizika
Egzemplarze
Withdrawn status Lost status Source of classification or shelving scheme Damaged status Not for loan Permanent Location Current Location Shelving location Date acquired Cost, normal purchase price Inventory number Full call number Barcode Date last seen Price effective from Koha item type
          Instytut Łączności Instytut Łączności Magazyn 1975-03-31 0.00 29722 29722 29722 2022-08-02 2017-11-30 Książki

Działa dzięki Koha